| 000 -LEADER |
| fixed length control field |
00860nam a2200205Ia 4500 |
| 003 - CONTROL NUMBER IDENTIFIER |
| control field |
OSt |
| 005 - DATE AND TIME OF LATEST TRANSACTION |
| control field |
20250218095202.0 |
| 007 - PHYSICAL DESCRIPTION FIXED FIELD--GENERAL INFORMATION |
| fixed length control field |
ca aa aaaaa |
| 008 - FIXED-LENGTH DATA ELEMENTS--GENERAL INFORMATION |
| fixed length control field |
201103s9999 xx 000 0 und d |
| 040 ## - CATALOGING SOURCE |
| Transcribing agency |
SSBUL |
| 041 ## - LANGUAGE CODE |
| Language code of text/sound track or separate title |
bur |
| 082 ## - DEWEY DECIMAL CLASSIFICATION NUMBER |
| Classification number |
၂၉၄.၃၄၃၅၀၉ |
| Edition number |
၂၃ |
| Item number |
ရွှေ |
| 100 ## - MAIN ENTRY--PERSONAL NAME |
| Personal name |
ရွှေတိဂုံစေတီတော်ဂေါပကအဖွဲ့ |
| 245 #0 - TITLE STATEMENT |
| Title |
တိဂုမ္မစေတိယထောမနာကျမ်း / |
| Statement of responsibility, etc. |
သာသနာရေးဝန်ကြီးဌာန ။ |
| 260 ## - PUBLICATION, DISTRIBUTION, ETC. |
| Place of publication, distribution, etc. |
ရန်ကုန် ၊ |
| Name of publisher, distributor, etc. |
ရွှေတိဂုံစေတီတော်ဂေါပကအဖွဲ့ ၊ |
| Date of publication, distribution, etc. |
၂၀၁၂ ။ |
| 300 ## - PHYSICAL DESCRIPTION |
| Extent |
၁၂၀ စာမျက်နှာ ၊ |
| Other physical details |
ပုံများ ၊ |
| Dimensions |
၁၉ စင်တီ ။ |
| 942 ## - ADDED ENTRY ELEMENTS (KOHA) |
| Koha item type |
Books (Long term) |
| Source of classification or shelving scheme |
|
|
| Source of classification or shelving scheme |
|
|
| Source of classification or shelving scheme |
|